Galvanothérapie ou De l'application du courant galvanique constant au traitement des maladies nerveuses et musculaires / (Record no. 163236)

MARC details
000 -LEADER
campo de control de longitud fija 01013nam a2200229 i 4500
001 - NÚMERO DE CONTROL
campo de control 163236
003 - IDENTIFICADOR DE NÚMERO DE CONTROL
campo de control ES-MaACL
005 - FECHA Y HORA DE LA ÚLTIMA TRANSACCIÓN
campo de control 20250915231128.0
008 - DATOS DE LONGITUD FIJA--INFORMACIÓN GENERAL
campo de control de longitud fija 941027s1860 fr a |||| | fre d
040 ## - FUENTE DE CATALOGACIÓN
Centro catalogador/agencia de origen CAT
Lengua de catalogación spa
Centro/agencia transcriptor CAT
Centro/agencia modificador CCPB
080 ## - NÚMERO DE LA CLASIFICACIÓN DECIMAL UNIVERSAL
Número de la Clasificación Decimal Universal 615
100 1# - ENTRADA PRINCIPAL--NOMBRE DE PERSONA
Nombre de persona Remak, Robert (
Fechas asociadas al nombre 1815-1865)
9 (RLIN) 131683
245 10 - MENCIÓN DEL TÍTULO
Título Galvanothérapie ou De l'application du courant galvanique constant au traitement des maladies nerveuses et musculaires /
Mención de responsabilidad, etc. par le docteur Robert Remak ; traduit de l'allemand par le docteur Alp. Morpain ; avec les additions de l'auteur.
246 23 - FORMA VARIANTE DEL TITULO
Título propio/Titulo breve De l'application du courant galvanique constant au traitement des maladies nerveuses et musculaires
260 ## - PUBLICACIÓN, DISTRIBUCIÓN, ETC.
Lugar de publicación, distribución, etc. Paris [etc.] :
Nombre del editor, distribuidor, etc. J.B. Baillière et fils [etc.],
Fecha de publicación, distribución, etc. 1860.
300 ## - DESCRIPCIÓN FÍSICA
Extensión XX, 467 p. :
Otras características físicas il. ;
Dimensiones 21 cm.
504 ## - NOTA DE BIBLIOGRAFÍA, ETC.
Nota de bibliografía, etc. Referencias bibliográficas.
650 #4 - PUNTO DE ACCESO ADICIONAL DE MATERIA--TÉRMINO DE MATERIA
Término de materia o nombre geográfico como elemento de entrada Electroterapia.
9 (RLIN) 12170
700 1# - ENTRADA AGREGADA--NOMBRE PERSONAL
Nombre de persona Morpain, Denis-Alphonse-François,
Fechas asociadas al nombre 1826-1870
9 (RLIN) 130216
852 ## - LOCALIZACIÓN
Ubicación ES-MaACL
Número de control de estantería G-15242
Nota libre - Enc. hol.
Holdings
Estatus retirado Estado de pérdida Estado de daño No para préstamo Colección Biblioteca de origen Biblioteca actual Ubicación en estantería Fecha de adquisición Fuente de adquisición Total de préstamos Signatura topográfica completa Código de barras Visto por última vez Precio de reemplazo Tipo de ítem Koha
        Libros del s. XIX Biblioteca del Ateneo de Madrid Biblioteca del Ateneo de Madrid Sala Pecera Planta 3 17/01/2008     G-15242 1171054 23/02/2023 23/02/2023 Libro impreso antiguo